Catalog

Record Details

Catalog Search



The Camelot conspiracy : the Kennedys, Castro and ... Read More

Available copies

  • 1 of 1 copy available at LARL/NWRL Consortium. (Show)
  • 1 of 1 copy available at Northwest Regional Library.

Current holds

0 current holds with 1 total copy.

Show All Copies
Location Call Number / Copy Notes Barcode Shelving Location Status Due Date
Roseau Public Library VIN (Text) 35500004918171 Main Available -

Record details

  • ISBN: 9781590206393 (hbk.)
  • ISBN: 1590206398 (hbk.)
  • Physical Description: 331 p. ; 24 cm.
  • Edition: 1st ed.
  • Publisher: New York : The Overlook Press/Derby Pub., 2011.
Subject: Kennedy, John F. (John Fitzgerald), 1917-1963 > Assassination > Fiction.
United States. Central Intelligence Agency > Fiction.
Organized crime > Fiction.
United States > Foreign relations > Cuba > Fiction.
Genre: Suspense fiction.
Historical fiction.
LDR 01325cam a2200337 a 4500
001131682
003LARL_NWRL_CONSORTIUM
00520110510084029.0
008110301s2011 nyu 000 1 eng
010 . ‡a2011007420
020 . ‡a9781590206393 (hbk.)
020 . ‡a1590206398 (hbk.)
035 . ‡a(OCoLC)669752272
040 . ‡aDLC ‡cDLC ‡dIG# ‡dBTCTA ‡dYDXCP ‡dGZD
043 . ‡an-us--- ‡anwcu---
049 . ‡aNRG
08200. ‡a813/.6 ‡222
1001 . ‡aVincent, E. Duke. ‡0(LARL_NWRL_CONSORTIUM)205633
24514. ‡aThe Camelot conspiracy : ‡bthe Kennedys, Castro and the CIA : a novel / ‡cE. Duke Vincent.
250 . ‡a1st ed.
260 . ‡aNew York : ‡bThe Overlook Press/Derby Pub., ‡c2011.
300 . ‡a331 p. ; ‡c24 cm.
60010. ‡aKennedy, John F. ‡q(John Fitzgerald), ‡d1917-1963 ‡xAssassination ‡vFiction.
61010. ‡aUnited States. ‡bCentral Intelligence Agency ‡vFiction.
650 0. ‡aOrganized crime ‡vFiction. ‡0(LARL_NWRL_CONSORTIUM)166507
651 0. ‡aUnited States ‡xForeign relations ‡zCuba ‡vFiction.
655 7. ‡aSuspense fiction. ‡2gsafd.
655 7. ‡aHistorical fiction. ‡2gsafd.
901 . ‡a131682 ‡bISxN ‡c131682 ‡tbiblio

Additional Resources